00877nam a2200217 i 450000100060000000300090000600500170001500700030003200800410003508000210007610000470009724501900014426000480033430000220038249000190040470000340042383000270045785200320048499900170051695201260053362676ES-MaACL20230906164718.0t|031124s1961 sp ||||1| spa d a821.134.2-31"15"1 aFernández de Avellaneda, Alonso.914950510aNuevas andanzas del ingenioso hidalgo Donquijote de la Mancha b: (El "Quijote" apócrifo) / cAlonso Fernández de Avellaneda ; edición revisada y anotada por Mercedes M. Villalta. a[Barcelona] : bIberia, c1961 (fDiamante) a334 p. ; c18 cm.1 aObras maestras1 aVillalta, Mercedes M.91149870 aObras maestras9181001 aES-MaACLjC-20171 bR.48774 c62676d62676 00104070aATENEOMbATENEOMcGaleríad2008-01-17eSCl0oC-20171p1065707r2023-02-23 00:00:00w2023-02-23yMONOGRAFIA